000 00599nam a22002057a 4500
005 20230110071838.0
008 230110b |||||||| |||| 00| 0 eng d
020 _a9780340972915
040 _aKMU
_cKMU
050 _aJC 571 Hal 2009
100 _aHalstead , Peter
245 _aUnlocking human rights /
_cby Peter Halstead .
260 _aLondon :
_bHodder education ,
_c2009 .
300 _axlv , 421 pages :
_bIllustration ;
_c24 cm .
500 _aIncludes an index
650 _2Oclc
_aHuman rights
700 _aMartin Jacqueline
_eseries editor
700 _aTurner Chris
942 _2lcc
_cBK
_n0
999 _c91
_d91